| 000 | 00888nam a2200277 a 4500 | ||
|---|---|---|---|
| 001 | 24746 | ||
| 003 | CO-ViMGA | ||
| 005 | 20230915232016.0 | ||
| 008 | 141112s2004 ck r 000 u spa d | ||
| 020 | _a8466714049 | ||
| 035 | _aAHS0963 LA | ||
| 040 |
_aCO-ViMGA _bspa _cCO-ViMGA |
||
| 041 | _aspa | ||
| 043 | _ae - gx - - - | ||
| 082 | 0 | 4 | _aBERb |
| 100 | 1 |
_aBerner, Rotraut Susanne, 1948 - _936949 |
|
| 245 | 1 | 0 |
_aBuenos días / _cRotraut Susanne Berner. |
| 260 |
_aMadrid : _bGrupo Anaya, _c2001. |
||
| 300 | _a[14] p. : il. ; 21 cm. | ||
| 490 | _aMi primera sopa de libros | ||
| 500 | _aTítulo tomado de la carátula. | ||
| 650 | 1 | 4 | _aCuentos infantiles alemanes. |
| 942 |
_2ddc _cBK |
||
| 949 | _an n | ||
| 999 |
_c32549 _d32549 |
||